书目信息 |
| 题名: |
怎样观赏花卉盆景
|
|
| 作者: | 剑君 主编 | |
| 分册: | ||
| 出版信息: | 北京 北京燕山出版社 2006 |
|
| 页数: | 99页 | |
| 开本: | 21cm | |
| 丛书名: | 青少年文化艺术修养全书 | |
| 单 册: | ||
| 中图分类: | S68 , S688.1 | |
| 科图分类: | ||
| 主题词: | 花卉--鉴赏--青年读物 , 盆景--鉴赏--青年读物 | |
| 电子资源: | ||
| ISBN: | 7-5402-0799-X | |
| 000 | 00871oam2 2200265 450 | |
| 001 | 1556560552 | |
| 005 | 20150122154311.76 | |
| 010 | @a7-5402-0799-X@dCNY4.80 | |
| 100 | @a20070327d2006 em y0chiy50 ea | |
| 101 | 0 | @achi |
| 102 | @aCN@b110000 | |
| 105 | @aa z 000yy | |
| 200 | 1 | @a怎样观赏花卉盆景@9zen yang guan shang hua hui pen jing@f剑君主编 |
| 210 | @a北京@c北京燕山出版社@d2006 | |
| 215 | @a99页@c图@d21cm | |
| 225 | 2 | @a青少年文化艺术修养全书@v29 |
| 330 | @a本书介绍了花卉盆景欣赏概述,花木的生物学基础,花卉的分类、盆景的制作与欣赏,以及牡丹、海棠、芍药、月季、水仙等花卉的鉴赏等。 | |
| 461 | 0 | @12001 @a青少年文化艺术修养全书 |
| 606 | 0 | @a花卉@x鉴赏@j青年读物 |
| 606 | 0 | @a盆景@x鉴赏@j青年读物 |
| 690 | @aS68@v5 | |
| 690 | @aS688.1@v5 | |
| 701 | 0 | @a剑君@9jian jun@f(1967.12~)@4主编 |
| 801 | 0 | @aCN@bTSSF@c20150122 |
| 905 | @aZUCC@dS68@eJY3 | |
| 怎样观赏花卉盆景/剑君主编.-北京:北京燕山出版社,2006 |
| 99页:图;21cm.-(青少年文化艺术修养全书;29) |
| ISBN 7-5402-0799-X:CNY4.80 |
| 本书介绍了花卉盆景欣赏概述,花木的生物学基础,花卉的分类、盆景的制作与欣赏,以及牡丹、海棠、芍药、月季、水仙等花卉的鉴赏等。 |
| ● |
| 相关链接 |
|
|
|
|
正题名:怎样观赏花卉盆景
索取号:S68/JY3
 
预约/预借
| 序号 | 登录号 | 条形码 | 馆藏地/架位号 | 状态 | 备注 |
| 1 | 7840219 | 278402195 | 学院路分馆/ [索取号:S68/JY3] | 在馆 | |
| 2 | 7840220 | 278402202 | 学院路分馆/ [索取号:S68/JY3] | 在馆 |